| 000 | 00413nam a2200181Ia 4500 | ||
|---|---|---|---|
| 001 | 10020 | ||
| 005 | 20260306161801.0 | ||
| 008 | 260306t1986||||xx |||||||||||||| ||spa|| | ||
| 041 | _aESP | ||
| 082 |
_aPE 869.56 _bV19 |
||
| 100 |
_aVallejo, César _eAUT |
||
| 245 | 0 | _aCuentos completos | |
| 260 | _c1986 | ||
| 300 |
_a190 páginas : _c21 cm |
||
| 650 | _aGEN | ||
| 654 | _aCHU | ||
| 942 |
_cLIB _dJUS _fJUS _2ddc _n |
||
| 999 |
_c10020 _d10020 |
||